Normal view
MARC view
- Heat -Transmission
Entry Topical Term
001 - CONTROL NUMBER
- control field: 87281
003 - CONTROL NUMBER IDENTIFIER
- control field: NUST
005 - DATE AND TIME OF LATEST TRANSACTION
- control field: 20220105130217.0
008 - FIXED-LENGTH DATA ELEMENTS
- fixed length control field: 220105|| aca||aabn | a|a d
040 ## - CATALOGING SOURCE
- Original cataloging agency: NUST
- Transcribing agency: NUST
150 ## - HEADING--TOPICAL TERM
- Topical term or geographic name entry element: Heat -Transmission
670 ## - SOURCE DATA FOUND
- Source citation: Work cat.: (NUST)587493: Incropera, Frank P. 87280, Introduction to Heat Transfer, 2011.
